Načítá se...

Introduction to positive economics /

Podrobná bibliografie
Hlavní autor: Lipsey, Richard G.
Médium: Printed Book
Jazyk:English
Vydáno: ELBS & Weidenfeld and Nicolson, 1975.
Vydání:4th ed.
Témata:
LEADER 00527 a2200145 4500
008 100208b ||||| |||| 00| 0 eng d
082 |a 330 
100 |a Lipsey, Richard G. 
245 |a Introduction to positive economics / 
250 |a 4th ed. 
260 |b ELBS & Weidenfeld and Nicolson,  |c 1975. 
650 |a economics 
942 |c BK 
999 |c 310902  |d 310902 
952 |0 0  |1 0  |2 ddc  |4 0  |6 330_000000000000000_LIP_I  |7 0  |9 356994  |a ECN  |b ECN  |c ST1  |d 2010-09-07  |e Minerva Bookstall, Trichur  |g 0.00  |i 1413  |l 0  |o 330 LIP/I  |p ECN1413  |r 2010-09-07  |w 2010-09-07  |y BK